00546nam a2200229Ia 4500008004100000020001500041050000700056050001400063100001500077245002400092245001800116260001000134260001600144260000900160300001500169300002600184300001000210650002900220700003700249700001100286999001900297170711s9999 xx 000 0 und d a188427028X a30 bT672 2007 aToor, Atif a3D world of weird / cby Atif Toor. aUSA : bNancy Hall, c2004 a41 pages : bcolor illustrations ; c25cm. aCuriosities and wonders. aTitle : Three D world of weird / aTitle. c339741d339741